Motivácia pracovníkov v podniku diplomová práca

Enregistré dans:
Détails bibliographiques
Auteur principal: Gatialová, Alena
Collectivité auteur: Ekonomická univerzita v Bratislave. Fakulta podnikového manažmentu
Autres auteurs: Hrušovská, Dana, 1964-
Format: Livre
Langue:slovaque
Publié: Bratislava 2010
Tags: Ajouter un tag
Pas de tags, Soyez le premier à ajouter un tag!

MARC

LEADER 00000nam a2200000 4500
001 0122143
005 20240318122752.0
041 0 |a slo 
044 |a SK 
245 1 0 |a Motivácia pracovníkov v podniku  |b diplomová práca  |c Alena Gatialová ; škol. Dana Hrušovská 
264 1 |a Bratislava  |c 2010 
300 |a 76 s. 
100 1 |a Gatialová, Alena 
700 1 |a Hrušovská, Dana, 1964- 
710 2 |a Ekonomická univerzita v Bratislave. Fakulta podnikového manažmentu